Les clubs dans des multipropriétés dans le football moderne - Statistiques

Statistiques générales
  • Ce quiz a été pris 27 fois
  • Le résultat moyen est 12 sur 69
Statistiques - réponses
Ligue Club Club principal % Correct
Ligue 2 (France) ESTAC Troyes Manchester City
69%
Ligue 1 (France) RC Strasbourg Chelsea FC
69%
Ligue 1 (France) Paris FC RB Leipzig
62%
Ligue 1 (France) OGC Nice Manchester United
58%
Serie A (Brésil) Botafogo Olympique Lyonnais
46%
Saudi Pro League (Arabie Saoudite) Al-Hilal Newcastle
42%
LaLiga (Espagne) Girona FC Manchester City
42%
Ö Bundesliga (Autriche) RB Salzbourg RB Leipzig
38%
Ligue 1 (France) Toulouse AC Milan
38%
Saudi Pro League (Arabie Saoudite) Al-Ahli Newcastle
35%
Saudi Pro League (Arabie Saoudite) Al-Nassr Newcastle
35%
Ligue 1 (France) FC Lorient AFC Bournemouth
35%
Liga Portugal SC Braga Paris Saint-Germain
35%
Premier League (Angleterre) Crystal Palace Olympique Lyonnais
31%
Greek Super League (Grèce) Olympiakos Nottingham Forest
31%
MLS (Etats-Unis) RB New York RB Leipzig
31%
Ligue 2 (France) Annecy Aston Villa
27%
Ligue 1 (Sénégal) Génération Foot FC Metz
27%
Saudi Pro League (Arabie Saoudite) Al-Ittihad Newcastle
23%
Super League (Suisse) Lausanne Sports Manchester United
23%
MLS (Etats-Unis) New York City Manchester City
23%
Serie B (Italie) Palermo FC Manchester City
23%
National 2 (D4 France) AS Cannes AS Roma
19%
Pro League (Belgique) Cercle Bruges AS Monaco
19%
Division 1B (D2 Belgique) RFC Seraing FC Metz
19%
2. Liga (D2 Autriche) Austria Lustenau Clermont Foot
15%
Division 1B (D2 Belgique) KV Oostende AS Nancy
15%
Premier League (Angleterre) Leeds United RB Leipzig
15%
Serie A (Brésil) RB Bragantino RB Leipzig
15%
Pro League (Belgique) Union Saint-Gilloise Brighton
15%
Ligue 2 (France) USL Dunkerque Samsunspor
15%
National (D2 France) Valenciennes Southampton
15%
Liga Portugal Boavista Olympique Lyonnais
12%
Super League (Suisse) FC Thun AS Nancy
12%
Serie A (Italie) Genoa Calcio Everton FC
12%
Premiership (Ecosse) Heart of Midlothian Brighton
12%
MLS (Etats-Unis) Inter Miami RC Lens
12%
Division 1B (D2 Belgique) KAS Eupen Paris Saint-Germain
12%
Division 1B (D2 Belgique) Lommel SK Manchester City
12%
A League (Australie - Nouvelle-Zélande) Melbourne City Manchester City
12%
Saudi Pro League (Arabie Saoudite) Neom Newcastle
12%
A League (Australie - Nouvelle-Zélande) Auckland FC AFC Bournemouth
8%
EFL League One (D3 Angleterre) Barnsley FC AS Nancy
8%
1. Division (D2 Danemark) Esbjerg FB AS Nancy
8%
2. Bundesliga (Allemagne) FC Kaiserslautern AS Nancy
8%
Premiership (Ecosse) Hibernian FC AFC Bournemouth
8%
Super Lig (Turquie) Istanbul Basaksehir Manchester City
8%
Categoria Primera A (Colombie) Millonarios FC RC Lens
8%
Ligue 2 (France) Red Star Everton FC
8%
Division 1B (D2 Belgique) RWDM Bruxelles Olympique Lyonnais
8%
Serie A (Brésil) Vasco de Gama Everton FC
8%
Liga de Futebol Professional (Bolivie) Club Bolivar Manchester City
4%
Serie A (Brésil) EC Bahia Manchester United
4%
Promotion League (D3 Suisse) FC Biel-Bienne Clermont Foot
4%
Eerste Divisie (D2 Pays-Bas) FC den Bosch AS Nancy
4%
Superligaen (Danemark) FC Midtjylland Brentford FC
4%
I Liga (D2 Pologne) GKS Tychy AS Nancy
4%
Premier League (Angleterre) Liverpool AC Milan
4%
Primera Division (Uruguay) Montevideo City Torque Manchester City
4%
Serie B (Brésil) Padova RC Lens
4%
LaLiga 2 (Espagne) Real Saragosse RC Lens
4%
Pro League (Belgique) Standard Liège Everton FC
4%
J League (Japon) Yokohama F. Marinos Manchester City
4%
Super Lig (Turquie) Göztepe Southampton
0%
2. Bundesliga (Allemagne) Hertha Berlin Everton FC
0%
A League (Australie - Nouvelle-Zélande) Melbourne Victory Everton FC
0%
Hero Super League (Inde) Mumbai City Manchester City
0%
J League 2 (D2 Japon) RB Omiya Ardija RB Leipzig
0%
Super League (Chine) Sichuan Jiuniu FC Manchester City
0%
Aucun quiz correspondant
Distribution des résultats
% des personnes avec chaque résultat
Percentile par nombre de réponses
Votre historique - résultats
Vous n’avez pas pris ce quiz